Statistiques concernant MotoGP #Rookie

Cliquez ici pour prendre le quiz!

Statistiques générales

  • Ce quiz a été pris 22 fois
  • Le résultat moyen est 32 sur 98

Statistiques - réponses

AnnéeCatégoriePodium ou VictoirePilotesPays% Correct
2020MotoGP2 PodiumsAlex MarquezEspagne
90%
2019MotoGP7 PodiumsFabio QuartararoFrance
90%
2015Moto32 PodiumsFabio QuartararoFrance
90%
2008125cc1 PodiumMarc MarquezEspagne
90%
2013MotoGP6 Victoires +
10 Podiums
Marc MarquezEspagne
90%
2011Moto27 Victoires +
4 Podiums
Marc MarquezEspagne
90%
2021Moto36 Victoires +
2 Podiums
Pedro AcostaEspagne
85%
2024MotoGP1 PodiumPedro AcostaEspagne
85%
2022Moto23 Victoires +
2 Podiums
Pedro AcostaEspagne
85%
2017MotoGP3 PodiumsJohann ZarcoFrance
80%
2005250cc6 PodiumsJorge LorenzoEspagne
70%
2008MotoGP1 Victoire +
5 Podiums
Jorge LorenzoEspagne
70%
2022MotoGP1 PodiumMarco BezzecchiItalie
70%
2017Moto31 PodiumMarco BezzecchiItalie
70%
2020MotoGP1 VictoireBrad BinderAfrique du Sud
65%
2017Moto23 PodiumsBrad BinderAfrique du Sud
65%
2014Moto33 PodiumsEnea BastianiniItalie
65%
2019Moto21 PodiumEnea BastianiniItalie
65%
2021MotoGP2 PodiumsEnea BastianiniItalie
65%
2018Moto24 PodiumsJoan MirEspagne
65%
2016Moto31 Victoire +
2 Podiums
Joan MirEspagne
65%
2019Moto22 PodiumsJorge MartinEspagne
65%
2021MotoGP1 Victoire +
3 Podiums
Jorge MartinEspagne
65%
2011Moto21 PodiumAleix EspargaroEspagne
60%
2017Moto24 PodiumsFrancesco BagnaiaItalie
60%
2021Moto28 Victoires +
4 Podiums
Raùl FernandezEspagne
60%
2015Moto22 Victoires +
8 Podiums
Alex RinsEspagne
55%
2012Moto31 PodiumAlex RinsEspagne
55%
2004250cc7 Victoires +
6 Podiums
Dani PedrosaEspagne
55%
2006MotoGP2 Victoires +
6 Podiums
Dani PedrosaEspagne
55%
2007125cc1 PodiumPol EspargaroEspagne
55%
2011Moto22 PodiumsPol EspargaroEspagne
55%
2003125cc1 Victoire +
3 Podiums
Casey StonerAustralie
50%
2006MotoGP1 PodiumCasey StonerAustralie
50%
2003MotoGP2 PodiumsNicky HaydenEtats-Unis
50%
2005250cc5 PodiumsAndrea DoviziosoItalie
35%
2011125cc4 Victoires +
5 Podiums
Maverick VinalesEspagne
35%
2014Moto24 Victoire +
5 Podiums
Maverick VinalesEspagne
35%
2008MotoGP1 PodiumAndrea DoviziosoItalie
30%
2016Moto31 PodiumAron CanetEspagne
30%
2023Moto34 Victoires +
4 Podiums
David AlonsoColombie
30%
2016Moto33 PodiumsFabio Di GiannantonioItalie
30%
2019Moto22 PodiumsFabio Di GiannantonioItalie
30%
2019Moto31 Victoire +
1 Podium
Sergio GarciaEspagne
30%
2019Moto31 PodiumAi OguraJapon
25%
2021Moto21 PodiumAi OguraJapon
25%
2022Moto22 Victoires +
3 Podiums
Alonso LopezEspagne
25%
2019Moto33 PodiumsCelestino ViettiItalie
20%
2018Moto31 PodiumDennis FoggiaItalie
20%
2021Moto31 VictoireIzan GuevaraEspagne
20%
2014Moto22 PodiumsJonas FolgerAllemagne
20%
2009125cc1 PodiumJonas FolgerAllemagne
20%
2017MotoGP1 PodiumJonas FolgerAllemagne
20%
2003125cc1 PodiumThomas LuthiSuisse
20%
2011Moto23 PodiumsBradley SmithRoyaume-Uni
15%
2023Moto31 Victoire +
1 Podium
Collin VeijerPays-Bas
15%
2002MotoGP2 PodiumsDaijiro KatoJapon
15%
2022Moto31 PodiumDaniel HolgadoEspagne
15%
2022Moto21 PodiumFilip SalacRépublique Tchèque
15%
2016Moto32 VictoiresKhairul Idham PawiMalaisie
15%
2012Moto31 Victoire +
3 Podiums
Romano FenatiItalie
15%
2021Moto31 VictoireXavier ArtigasEspagne
15%
2007250cc2 Victoires +
4 Podiums
Alvaro BautistaEspagne
10%
2010MotoGP2 PodiumsBen SpiesEtats-Unis
10%
2022Moto32 PodiumsDavid MunozEspagne
10%
2012Moto21 PodiumGino ReaRoyaume-Uni
10%
2020Moto31 PodiumJeremy AlcobaEspagne
10%
2023Moto31 PodiumJose RuedaEspagne
10%
2008250cc1 Victoire +
3 Podiums
Mattia PasiniItalie
10%
2016Moto32 PodiumsNicolo BulegaItalie
10%
2010Moto22 PodiumsScott ReddingRoyaume-Uni
10%
2008125cc1 VictoireScott ReddingRoyaume-Uni
10%
2002250cc1 Victoire +
4 Podiums
Toni EliasEspagne
10%
2004250cc2 PodiumsAlex de AngelisSaint-Marin
5%
2012Moto31 PodiumArthur SissisAustralie
5%
2016Moto32 PodiumsBo BendsneyderPays-Bas
5%
2007125cc1 PodiumEsteve RabatEspagne
5%
2011Moto21 PodiumEsteve RabatEspagne
5%
2005125cc3 PodiumsHector FaubelEspagne
5%
2020Moto21 PodiumHector GarzoEspagne
5%
2004250cc2 PodiumsHiroshi AoyamaJapon
5%
2013Moto21 Victoire +
2 Podiums
Jordi TorresEspagne
5%
2015Moto34 PodiumsJorge NavarroEspagne
5%
2011Moto21 PodiumKenan SofuogluTurquie
5%
2014Moto22 PodiumsLuis SalomEspagne
5%
2003MotoGP1 PodiumMakoto TamadaJapon
5%
2011Moto21 Victoire +
1 Podium
Michele PirroItalie
5%
2007250cc2 Victoires +
2 Podiums
Mika KallioFinlande
5%
2011Moto21 PodiumMika KallioFinlande
5%
2009250cc2 PodiumsMike Di MeglioFrance
5%
2012Moto21 PodiumNicolas TerolEspagne
5%
2009250cc2 PodiumsRaffaele de RosaItalie
5%
2007125cc1 PodiumRandy KrummenacherSuisse
5%
2004MotoGP1 PodiumRuben XausEspagne
5%
2006250cc1 PodiumShuhei AoyamaJapon
5%
2005125cc2 PodiumsTomoyoshi KoyamaJapon
5%
2003250cc4 Victoires +
6 Podiums
Manuel PogglialiSaint-Marin
0%
2003MotoGP3 PodiumsTroy BaylissAustralie
0%

Distribution des résultats

Percentile par nombre de réponses

% des personnes avec chaque résultat

Votre développement - résultats

Vous n’avez pas pris ce quiz